| 000 | 00358nam a22001457a 4500 | ||
|---|---|---|---|
| 020 | _a 9789693517125 | ||
| 040 | _cNUST | ||
| 082 |
_a891.4393 _bQUR |
||
| 100 |
_aQurrat Ul Ain Haider _980990 |
||
| 245 | _aRoshani Ki Raftaar | ||
| 260 |
_aLAHORE _bSang-E-Meel Publications _c2012 |
||
| 300 | _b320P | ||
| 650 | _2Urdu Literature-Fiction | ||
| 942 |
_2ddc _cBK |
||
| 999 |
_c585846 _d585846 |
||